| 000 | 00000nam##2200000za#4500 |
| 001 | 9.576907 |
| 003 | CaOODSP |
| 005 | 20210624185348 |
| 007 | cr ||||||||||| |
| 008 | 150406|1989||||xxc|||||o f|0| 0 eng|d |
| 040 | |aCaOODSP|beng |
| 043 | |an-cn--- |
| 086 | 1 |aFs97-13/730E-PDF |
| 110 | 1 |aCanada. |bDepartment of Fisheries and Oceans. |
| 245 | 10|aNorth American Atlantic Salmon Tagging Programs 1974-1985 / |h[electronic resource]|cby K.A. Newbould. |
| 260 | |aHalifax - Nova Scotia : |bFisheries and Oceans Canada |c1989. |
| 300 | |a74p.|bfigs., tables |
| 490 | 1 |aCanadian data report of fisheries and aquatic sciences|vNo. 730 |
| 500 | |aOn t.p.: Freshwater and Anadromous Division Resource Branch, Halifax, Nova Scotia. Catalogue number of the print edition appears in the PDF version. |
| 546 | |a(Résumé en français) |
| 590 | |a13-18-Supp|b2013-08-01 |
| 720 | 1 |aNewbould, K. A. |
| 830 | #0|aCanadian data report of fisheries and aquatic sciences ;|vNo. 730|w(CaOODSP)9.505124 |
| 856 | 40|ahttp://publications.gc.ca|qPDF|s831 KB|uhttps://publications.gc.ca/collections/collection_2013/mpo-dfo/Fs97-13-730-eng.pdf|yNo. 730 |